000 00605nam a2200229Ia 4500
003 OSt
005 20221005130054.0
006 a|||||r|||| 00| 0
007 ta
008 221004b |||||||| |||| 00| 0 ben d
024 _a1543
037 _cTextual
040 _aCRL
_cCRL
_bben
041 _2ben
_aben
082 _aO157,3N08,PU, [P9]
100 _aBandhopadhyay Manik
_9205084
245 0 _aPutul nacher itikatha
_b A bengali
260 _c2009
650 _aBENGALI LITERATURE
942 _hO157,3N08,PU, [P9]
_cTEXL
_2cc
999 _c1055996
_d1055996